LEADER 05632nam 22007695 450 001 996465895203316 005 20230320191429.0 010 $a3-642-10877-6 024 7 $a10.1007/978-3-642-10877-8 035 $a(CKB)1000000000812691 035 $a(SSID)ssj0000355587 035 $a(PQKBManifestationID)11233503 035 $a(PQKBTitleCode)TC0000355587 035 $a(PQKBWorkID)10340371 035 $a(PQKB)10983223 035 $a(DE-He213)978-3-642-10877-8 035 $a(MiAaPQ)EBC3064907 035 $a(PPN)139963049 035 $a(EXLCZ)991000000000812691 100 $a20100301d2009 u| 0 101 0 $aeng 135 $aurnn#008mamaa 181 $ctxt 182 $cc 183 $acr 200 10$aPrinciples of Distributed Systems$b[electronic resource] $e13th International Conference, OPODIS 2009, Nīmes, France, December 15-18, 2009. Proceedings /$fedited by Tarek F. Abdelzaher, Michel Raynal, Nicola Santoro 205 $a1st ed. 2009. 210 1$aBerlin, Heidelberg :$cSpringer Berlin Heidelberg :$cImprint: Springer,$d2009. 215 $a1 online resource (XIII, 373 p.) 225 1 $aTheoretical Computer Science and General Issues,$x2512-2029 ;$v5923 300 $aInternational conference proceedings. 311 $a3-642-10876-8 320 $aIncludes bibliographical references and index. 327 $aInvited Talks -- Transactional Memory Today: A Status Report -- Navigating the Web 2.0 with Gossple -- Distributed Scheduling -- Transactional Scheduling for Read-Dominated Workloads -- Performance Evaluation of Work Stealing for Streaming Applications -- Not All Fair Probabilistic Schedulers Are Equivalent -- Brief Announcement: Relay: A Cache-Coherence Protocol for Distributed Transactional Memory -- Distributed Robotics -- Byzantine Convergence in Robot Networks: The Price of Asynchrony -- Deaf, Dumb, and Chatting Asynchronous Robots -- Synchronization Helps Robots to Detect Black Holes in Directed Graphs -- Fault and Failure Detection -- The Fault Detection Problem -- The Minimum Information about Failures for Solving Non-local Tasks in Message-Passing Systems -- Enhanced Fault-Tolerance through Byzantine Failure Detection -- Wireless and Social Networks -- Decentralized Polling with Respectable Participants -- Efficient Power Utilization in Multi-radio Wireless Ad Hoc Networks -- Adversarial Multiple Access Channel with Individual Injection Rates -- Synchronization -- NB-FEB: A Universal Scalable Easy-to-Use Synchronization Primitive for Manycore Architectures -- Gradient Clock Synchronization Using Reference Broadcasts -- Brief Announcement: Communication-Efficient Self-stabilizing Protocols for Spanning-Tree Construction -- Storage Systems -- On the Impact of Serializing Contention Management on STM Performance -- On the Efficiency of Atomic Multi-reader, Multi-writer Distributed Memory -- Abortable Fork-Linearizable Storage -- Distributed Agreement -- On the Computational Power of Shared Objects -- Weak Synchrony Models and Failure Detectors for Message Passing (k-)Set Agreement -- Unifying Byzantine Consensus Algorithms with Weak Interactive Consistency -- Distributed Algorithms -- Safe and Eventually Safe: Comparing Self-stabilizing and Non-stabilizing Algorithms on a Common Ground -- Proactive Fortification of Fault-Tolerant Services -- Robustness of the Rotor-router Mechanism -- Brief Annoucement: Analysis of an Optimal Bit Complexity Randomised Distributed Vertex Colouring Algorithm -- Brief Annoucement: Distributed Swap Edges Computation for Minimum Routing Cost Spanning Trees. 330 $aThis book constitutes the refereed proceedings of the 13th International Conference on Principles of Distributed Systems, OPODIS 2009, held in Nimes, France, in December 2009. The 23 full papers and 4 short papers presented were carefully reviewed and selected from 72 submissions. The papers are organized in topical sections on distributed scheduling, distributed robotics, fault and failure detection, wireless and social networks, synchronization, storage systems, distributed agreement, and distributed algorithms. 410 0$aTheoretical Computer Science and General Issues,$x2512-2029 ;$v5923 606 $aComputer networks 606 $aComputer programming 606 $aUser interfaces (Computer systems) 606 $aHuman-computer interaction 606 $aComputer engineering 606 $aElectronic data processing?Management 606 $aComputer Communication Networks 606 $aProgramming Techniques 606 $aUser Interfaces and Human Computer Interaction 606 $aComputer Engineering and Networks 606 $aIT Operations 615 0$aComputer networks. 615 0$aComputer programming. 615 0$aUser interfaces (Computer systems). 615 0$aHuman-computer interaction. 615 0$aComputer engineering. 615 0$aElectronic data processing?Management. 615 14$aComputer Communication Networks. 615 24$aProgramming Techniques. 615 24$aUser Interfaces and Human Computer Interaction. 615 24$aComputer Engineering and Networks. 615 24$aIT Operations. 676 $a004.6 702 $aAbdelzaher$b Tarek F$4edt$4http://id.loc.gov/vocabulary/relators/edt 702 $aRaynal$b Michel$4edt$4http://id.loc.gov/vocabulary/relators/edt 702 $aSantoro$b N$g(Nicola),$f1951-$4edt$4http://id.loc.gov/vocabulary/relators/edt 712 12$aOPODIS 2009 906 $aBOOK 912 $a996465895203316 996 $aPrinciples of Distributed Systems$9772112 997 $aUNISA LEADER 02930nam 22005414a 450 001 9910830169703321 005 20230721030829.0 010 $a1-281-06912-4 010 $a9786611069124 010 $a0-470-76108-3 010 $a0-470-77502-5 010 $a1-4051-8154-0 035 $a(CKB)1000000000404131 035 $a(EBL)320039 035 $a(OCoLC)181157461 035 $a(SSID)ssj0000099316 035 $a(PQKBManifestationID)11132954 035 $a(PQKBTitleCode)TC0000099316 035 $a(PQKBWorkID)10004847 035 $a(PQKB)11435051 035 $a(MiAaPQ)EBC320039 035 $a(EXLCZ)991000000000404131 100 $a20060504d2007 uy 0 101 0 $aeng 135 $aur|n|---||||| 181 $ctxt 182 $cc 183 $acr 200 00$aAdvancing practice in rehabilitation nursing$b[electronic resource] /$fedited by Rebecca Jester 210 $aOxford, UK ;$aMalden, MA $cBlackwell Pub.$d2007 215 $a1 online resource (218 p.) 300 $aDescription based upon print version of record. 311 $a1-4051-2508-X 320 $aIncludes bibliographical references and index. 327 $aThe rehabilitation process / Steve Booth and Rebecca Jester -- The role of the specialist nurse within rehabilitation / Rebecca Jester -- Rehabilitation settings / Rebecca Jester -- Psychological issues in rehabilitation / Denise Barr -- Evaluating rehabilitation services / Rebecca Jester -- Preparing and supporting informal carers / Rebecca Jester -- Rehabilitation of orthopaedic patients / Rebecca Jester -- Stroke care / Tara Chambers -- Rehabilitation of patients with an acquired brain injury or a degenerative neuromuscular disorder / Debbie Peniket and Rosie Grove -- Supporting people with long-term conditions / Rebecca Jester -- Rehabilitation of patients with spinal cord injury / Nicki Bellinger -- The way forward / Rebecca Jester. 330 $aNurses play a key role in the rehabilitation process - maximising the quality of life and independence of individuals following trauma, disease or enduring chronic illness. Advancing Practice in Rehabilitation Nursing provides an in-depth analysis of specialist practice in rehabilitation nursing. It examines the research basis underlying clinical practice and identifies unique attributes of the nursing role within the context of multidisciplinary and multi-agency working.The first part of Advancing Practice in Rehabilitation Nursing explores general principles of specialist rehabilitat 606 $aRehabilitation nursing$xQuality control 615 0$aRehabilitation nursing$xQuality control. 676 $a610.73/6 676 $a610.736 701 $aJester$b Rebecca$0875529 801 0$bMiAaPQ 801 1$bMiAaPQ 801 2$bMiAaPQ 906 $aBOOK 912 $a9910830169703321 996 $aAdvancing practice in rehabilitation nursing$91954857 997 $aUNINA